| 000 | 00000nam 2200000zi 4500 |
| 001 | 9.947220 |
| 003 | CaOODSP |
| 005 | 20250121151523 |
| 006 | m o d f |
| 007 | cr mn||||||||| |
| 008 | 250121t19961996bcc ob f001 0 fre d |
| 020 | |a077480565X |q(imprimé) |
| 040 | |aCaOODSP|bfre|erda|cCaOODSP |
| 041 | 0 |aeng|afre |
| 043 | |an-cn--- |
| 086 | 1 |aSN3-302/1996-PDF|zSN3-302/1996|zSN3-302-1996 |
| 100 | 1 |aBond, Mary E., |ecompilateur, |eéditeur intellectuel. |
| 245 | 10|aCanadian reference sources : |ban annotated bibliography : general reference works, history, humanities / Mary E. Bond, compiler and editor ; Martine M. Caron, co-compiler = Ouvrages de référence canadiens : une bibliographie annotée : ouvrages de référence généraux, histoire, sciences humaines / Mary E. Bond, rédactrice et réviseure ; Martine M. Caron, co-rédactrice. |
| 246 | 11|aOuvrages de référence canadiens : |bune bibliographie annotée : ouvrages de référence généraux, histoire, sciences humaines |
| 246 | 13|aCanadian reference sources : |ban annotated bibliography = Ouvrages de référence canadiens : une bibliographie annotée |
| 264 | 1|aVancouver, BC : |bUBC Press, |c[1996] |
| 264 | 4|c©1996 |
| 300 | |a1 ressource en ligne (xvi, 1076 pages) |
| 336 | |atexte|btxt|2rdacontent/fre |
| 337 | |ainformatique|bc|2rdamedia/fre |
| 338 | |aressource en ligne|bcr|2rdacarrier/fre |
| 500 | |a« Publie par UBC Press en collaboration avec la Bibliothèque nationale du Canada et avec le Groupe Communication Canada, Édition, Approvisionnements et Services Canada. » |
| 500 | |aComprend des index. |
| 500 | |aCertaines pages blanches ont été omises dans cette copie PDF. |
| 500 | |aÉdition numérisée de l'imprimée [par Direction des publications du gouvernement du Canada]. |
| 546 | |aTexte en anglais et en français. |
| 651 | 6|aCanada|vBibliographie. |
| 651 | 6|aCanada|xOuvrages de référence|vBibliographie. |
| 651 | 6|aCanada|vBibliographie de bibliographies. |
| 655 | 7|aBibliographies annotées|2rvmgf |
| 655 | 7|aBibliographies|2rvmgf |
| 700 | 1 |aCaron, Martine M., |d1955- |eCompilateur. |
| 710 | 2 |aBibliothèque nationale du Canada, |eorganisme de publication. |
| 710 | 2 |aGroupe Communication Canada. |bÉdition, |eorganisme de publication. |
| 776 | 0#|tOuvrages de référence canadiens: une bibliographie annotée : |w(CaOODSP)9.657908 |
| 788 | |tCanadian reference sources : |eeng|w(CaOODSP)9.947217 |
| 856 | 40|qPDF|s122.00 Mo|uhttps://publications.gc.ca/collections/collection_2025/bcp-pco/PC32-8-1968.pdf |